000
003190000a22001450004500
003
MACL
040
_a
MACL
090
_c
32731
_d
32729
100
_a
Bright, P S
245
_a
Unique Letter Writing for everyone
260
_b
Bright Careers Institute
350
_a
30
650
_a
Linguistics
942
_c
BOOK
_k
419/BRI
999
_c
32396
_d
32396